[Event "Sabadell-B 5th"]
[Site "Sabadell"]
[Date "2011.02.25"]
[Round "4"]
[White "Garcia Miquel, Raul"]
[Black "Fernandez Diaz, Cristian"]
[Result "0-1"]
[WhiteElo "2031"]
[BlackElo "2052"]
[PlyCount "94"]
[EventDate "2011.02.04"]
[EventType "tourn"]
[EventRounds "9"]
[EventCountry "ESP"]
[SourceTitle "CBM 141 Extra"]
[Source "ChessBase"]
[SourceDate "2011.05.03"]
[SourceVersion "1"]
[SourceVersionDate "2011.05.03"]
[SourceQuality "1"]

1. d4 d5 2. c4 dxc4 3. Nc3 c6 4. a4 Nf6 5. e4 e5 6. dxe5 Qxd1+ 7. Kxd1 Ng4 8. Nh3 Nxe5 9. f4 Nd3 10. Bxd3 cxd3 11. Nf2 Na6 12. Nxd3 Bg4+ 13. Kc2 0-0-0 14. h3 Be6 15. Be3 Bd6 16. b3 Bb8 17. Rhd1 f5 18. e5 Nc7 19. b4 Nd5 20. Bf2 Nxc3 21. Kxc3 Bd5 22. Bh4 Rde8 23. g4 fxg4 24. hxg4 h5 25. gxh5 Rxh5 26. Bg5 Rh3 27. a5 a6 28. Kd4 Reh8 29. Nc5 Ba7 30. Rab1 Kc7 31. Re1 Ra3 32. Be7 Rhh3 33. Bd6+ Kd8 34. e6 Rad3+ 35. Ke5 Rh5+ 36. f5 Rf3 37. Nxb7+ Ke8 38. Nc5 Rfxf5+ 39. Kd4 Rh4+ 40. Kd3 Rf3+ 41. Kd2 Rd4+ 42. Kc2 Rg4 43. Re2 Rc4+ 44. Kd2 Rd4+ 45. Ke1 Bc4 46. Be5 Rd5 47. Re4 Rf1# 0-1

[Event "Sabadell-B 5th"]
[Site "Sabadell"]
[Date "2011.02.11"]
[Round "2"]
[White "Garcia Miquel, Raul"]
[Black "Pozanco Romasanta, Marc"]
[Result "0-1"]
[WhiteElo "2031"]
[BlackElo "1936"]
[PlyCount "65"]
[EventDate "2011.02.04"]
[EventType "tourn"]
[EventRounds "9"]
[EventCountry "ESP"]
[SourceTitle "CBM 141 Extra"]
[Source "ChessBase"]
[SourceDate "2011.05.03"]
[SourceVersion "1"]
[SourceVersionDate "2011.05.03"]
[SourceQuality "1"]

1. d4 Nf6 2. c4 c5 3. d5 e5 4. Nc3 d6 5. e4 Be7 6. Bd3 0-0 7. Nge2 Bg4 8. 0-0 Na6 9. a3 Nd7 10. Qc2 h6 11. Ng3 Bh4 12. Nf5 Bxf5 13. exf5 Bg5 14. Ne4 Bxc1 15. Raxc1 Qe7 16. Qd2 Rfd8 17. Rfe1 Rab8 18. f4 f6 19. g4 exf4 20. Nxc5 Ne5 21. Nxa6 bxa6 22. Kh1 Qb7 23. b4 a5 24. b5 Qb6 25. Re4 f3 26. Bb1 Kf7 27. h4 Rb7 28. Qd4 Rc8 29. Ba2 a4 30. Qd2 Rbc7 31. Qd4 Qxd4 32. Rxd4 Rc5 33. Rf4 0-1